Cataloging Sheet Music: Guidelines for use with AACR2 and the MARC format

Gardado en:
Detalles Bibliográficos
Main Authors: Schultz, Lois (Author), Shaw, Sarah (Author)
Formato: Libro
Idioma:inglés
Publicado: Lanham The Scarecrow Press 2003
Series:Music Library Association Technical Reports, 28
Subjects:
Tags: Engadir etiqueta
Sen Etiquetas, Sexa o primeiro en etiquetar este rexistro!

MARC

LEADER 00000nam a2200000 a 4500
001 UCH2879
003 CL-VaPUC
008 090702e20030000us |||||||||||||||||eng|d
020 |a 0810847507 
082 0 4 |a 025.3488  |b SCH  |2 21 
100 0 |a Schultz, Lois  |e author  |9 537942 
700 0 |a Shaw, Sarah  |e author  |9 537943 
245 1 0 |a Cataloging Sheet Music: Guidelines for use with AACR2 and the MARC format 
300 |a 206 p 
942 |c BK 
945 |d 20090702 00:00:00  |a dcastane 
260 |a Lanham  |b The Scarecrow Press  |c 2003 
650 7 |a CATALOGACION  |2 CL-VaPUC  |9 334529 
650 7 |a CLASIFICACION  |2 CL-VaPUC  |9 269795 
650 7 |a PARTITURAS MUSICA  |2 CL-VaPUC  |9 537944 
583 |a last modification  |c 20171218 04:20:17  |k Rodrigo Vera 
490 0 |a Music Library Association Technical Reports, 28 
999 |c 334547  |d 334545 
952 |0 0  |1 0  |4 0  |6 025_348800000000000_SCH_2003  |7 0  |8 X  |9 423647  |a FDOMLP  |b FDOMLP  |d 2019-11-22  |i 3973514  |o 025.3488 SCH 2003  |p 3973514  |r 2019-11-22  |w 2019-11-22  |y BK_X  |k BU2